[Event "U. S. Open"]
[Site "Middleton, WI"]
[Date "2013.08.04"]
[Round "9"]
[White "Zhong Howard  (OK)"]
[Black "Roland Jeffrey  (ID)"]
[Result "1-0"]
[WhiteElo "1972"]
[BlackElo "1731"]
[Annotator ""]
[Source ""]
[Remark ""]

1.d4 Nf6 2.c4 g6 3.Nc3 d5 4.Nf3 Bg7 5.Qb3 dxc4 6.Qxc4 c6 7.e4
O-O 8.Be2 b5 9.Qb3 a6 10.O-O Bb7 11.Rd1 ( 11.Rd1 Qc7 12.e5 Nd5
13.Nxd5 cxd5 14.Ne1 Nc6 15.Qg3 Rad8 16.Be3 Qb6 17.Rac1 f6 18.f4
fxe5 19.fxe5 e6 20.Qh3 Ne7 21.Bg5 Rd7 22.Nf3 b4 23.Rc5 Nf5 24.Rdc1
Rff7 25.Bd2 Bf8 26.Qg4 h5 27.Qxg6+ Rg7 28.Qe8 Rd8 29.Rc6 Nxd4
30.Qxe6+ Nxe6+ 31.Rxb6 Bc5+ 32.Rxc5 Nxc5 33.Bxb4 Na4 34.Rf6 Nxb2
35.Nd4 Rc8 36.e6 a5 37.Ba3 Nc4 38.Bxc4 dxc4 39.e7 Rxg2+ 40.Kf1
Kh7 41.Rf7+ Kh8 42.Ne6 Rcg8 43.Bc5 Rd2 44.Nf8 {1-0, Loiterstein Mariano (ARG) 2240 - Amura Claudia N (ARG) 2366, Buenos Aires (Argentina) 1989}
) e6 12.Bg5 Qb6 13.e5 Nd5 14.Nxd5 cxd5 15.a4 Bc6 16.axb5 Nd7
17.Be7 Rfb8 18.Bd6 Rb7 19.Qe3 Bxb5 20.Bxb5 Qxb5 21.b4 Nb6 22.Nd2
Nc4 23.Nxc4 dxc4 24.Qc3 Bf8 25.Bc5 Bxc5 26.bxc5 Qb3 27.Rdc1 Rab8
28.Qxc4 Qxc4 29.Rxc4 Rb4 30.Rxb4 Rxb4 31.g3 Rxd4 32.Rxa6 Rc4
33.Ra8+ Kg7 34.Rc8 h6 35.c6 Rc5 36.f4 Rc2 37.Kh1 Kh7 38.Kg1 Kg7
39.Rc7 Kg8 40.h3 h5 41.Rc8+ Kg7 42.g4 hxg4 43.hxg4 Rc4 44.c7
Rc2 45.Kf1 Kh7 46.Ke1 Kg7 47.Kd1 Rc6 48.Kd2 Kh7 49.Ke3 Kg7 50.Kf3
Rc3+ 51.Kf2 Kh7 52.Ke2 Kg7 53.Kd2 Rc4 54.Kd3 Rc1 55.Kd4 Rc6 56.Ke4
Rc4+ 57.Kd3 Rc1 58.Kd4 Rc6 59.f5 g5 60.f6+ Kh7 61.Kd3 Rc1 62.Re8
Rxc7 63.Re7 Rc5 64.Rxf7+ 1-0

[Event "U. S. Open"]
[Site "Middleton, WI"]
[Date "2013.07.30"]
[Round "1"]
[White "Rosenthal Nicholas  (FL)"]
[Black "Trattner Andrew  (OR)"]
[Result "1-0"]
[WhiteElo "2195"]
[BlackElo "1771"]
[Annotator ""]
[Source ""]
[Remark ""]

1.e4 {%05(Comments by A. Trattner)^013^010
} d5 2.exd5 Qxd5
3.Nc3 Qd6 4.d4 Nf6 5.Nge2 Bg4 6.f3 Bf5 7.Bf4 Qb6 8.g4
( 8.Ng3 Bg6 9.Qd2 e6 10.Bc4 c6 11.Nge4 Nxe4 12.fxe4 Nd7 13.O-O
e5 14.Be3 exd4 15.Bxd4 Bc5 16.Rad1 O-O 17.Kh1 Bxd4 18.Qxd4 Qxd4
19.Rxd4 Ne5 20.Be2 Rfd8 21.Rfd1 Rxd4 22.Rxd4 Kf8 23.Kg1 Ke7 24.Kf2
f6 25.a4 Bf7 26.Ke3 b6 27.b3 Rc8 28.h3 Rc7 29.Rd1 a5 30.Rd2 Rd7
31.Rxd7+ Kxd7 32.Nd1 Kd6 33.Nb2 Kc5 34.Nd3+ Nxd3 35.Kxd3 Kb4
36.Kd4 c5+ 37.Ke3 c4 38.bxc4 Bxc4 39.Bd1 Kc3 40.g4 b5 {0-1, Garcia Martinez Josep - Pinazo Donoso Jordi (ESP) 2228, Catalunia (Spain) 1998}
) Bg6 9.h4 h6 10.Qd2 Nc6 11.Bh3 e6 12.O-O-O Na5 13.Na4 Qc6 14.Nec3
b5 15.g5 Nc4 16.Qe1 Nh5 {?} ( 16...hxg5 {!} 17.hxg5 bxa4 {!} )
17.d5 {!} Qa6 18.Bxc7 bxa4 19.dxe6 f6 20.e7 Bxe7 21.Nd5 O-O 22.Nxe7+
Kh7 23.Nxg6 Kxg6 24.Bf5+ Kf7 25.g6+ Kg8 26.Qe6+ Qxe6 27.Bxe6+
Kh8 28.Bxc4 Rac8 29.Bd6 Rfe8 30.Rhe1 1-0

[Event "U. S. Open"]
[Site "Middleton, WI"]
[Date "2013.07.31"]
[Round "2"]
[White "Trattner Andrew  (OR)"]
[Black "Kuzma Steve  (TX)"]
[Result "1-0"]
[WhiteElo "1771"]
[BlackElo "1340"]
[Annotator ""]
[Source ""]
[Remark ""]

1.d4 d5 2.Nf3 Nf6 3.c4 e6 4.Nc3 Bb4 5.a3 Bxc3+ 6.bxc3 dxc4 7.Qa4+
Nc6 8.Qxc4 O-O 9.g3 Qd5 10.Qxd5 exd5 11.Bf4 Ne4 12.c4 dxc4 13.e3
Bg4 14.Nd2 Nxd2 15.Kxd2 Bf3 16.Rg1 b5 17.Bxc7 Rac8 18.Bd6 Rfd8
19.Bh3 Ra8 20.Bf4 Nxd4 21.exd4 Rxd4+ 22.Kc3 Rd3+ 23.Kc2 Be4 24.Bg2
Bxg2 25.Rxg2 Rad8 26.Rgg1 f6 27.Rgd1 Rxd1 28.Rxd1 Rxd1 29.Kxd1
a6 30.Kc2 Kf7 31.Kc3 Ke6 32.Kb4 Kd5 33.Ka5 c3 34.Kb4 Kd4 35.Be3+
Kd3 36.Ka5 Kc4 37.Kxa6 b4 38.axb4 Kxb4 39.Kb6 Kc4 40.Kc6 Kd3
41.Kd5 c2 42.Ke6 Ke2 43.Kf7 c1Q 44.Bxc1 Kxf2 45.Kxg7 Kg2 46.Kxh7
Kxh2 47.Bf4 Kh3 48.Kg6 Kg4 49.Kxf6 Kh5 50.Kg7 Kg4 51.Kg6 Kf3
52.Kf5 1-0

[Event "U. S. Open"]
[Site "Middleton, WI"]
[Date "2013.08.02"]
[Round "6"]
[White "Trattner Andrew  (OR)"]
[Black "Stein Josiah  (WI)"]
[Result "1-0"]
[WhiteElo "1771"]
[BlackElo "1959"]
[Annotator ""]
[Source ""]
[Remark ""]

1.e4 {%05(Comments by A. Trattner)^013^010
} c6 2.d4 d5 3.exd5
cxd5 4.c4 Nf6 5.Nc3 Nc6 6.Nf3 Bg4 7.cxd5 Nxd5 8.Qb3 Bxf3 9.gxf3
e6 10.Qxb7 Nxd4 11.Bb5+ Nxb5 12.Qc6+ Qd7 {
Round 6 was simply an opening error from my opponent, who said he knew the line
but accidentally touched his queen on move 12, which allowed me to win the
exchange. I should have followed up by capturing the knight on d5 because after
capturing on b5 on move 14, my king is stuck and my position has problems.}
13.Qxa8+ Ke7 14.Nxb5 Qxb5 15.Qxa7+ Kf6 16.Qd4+ e5 17.Bg5+ {The computer thinks my bishop sacrifice was a poor choice, and it actually favors black slightly after 17...Kg6!}
Kxg5 18.Qxe5+ Kh6 19.O-O-O Qc5+ {19...Qc4+ was necessary, after which black can apparently draw with best play}
20.Kb1 Nc3+ {?} 21.Qxc3 Qxc3 22.bxc3 Bc5 23.Rd2 Rb8+ 24.Kc2 Ra8
25.Kb3 Ra3+ 26.Kc4 Be7 27.Rb1 Bf6 28.Rb3 Ra8 29.Kb5 Rb8+ 30.Ka6
Rc8 31.Kb7 Rc4 32.Kb6 Bxc3 33.Kb5 Rc8 34.Rc2 Rb8+ 35.Kc6 Rxb3
36.axb3 Be5 37.Rc4 g5 38.h4 f6 39.b4 Kh5 40.hxg5 Kxg5 41.Rg4+
Kh5 42.b5 f5 43.Ra4 Kg5 44.b6 h5 45.f4+ Bxf4 46.Rxf4 Kxf4 47.b7
Kf3 48.b8Q Kxf2 49.Qf4+ 1-0

[Event "U. S. Open"]
[Site "Middleton, WI"]
[Date "2013.08.02"]
[Round "7"]
[White "Perez Samuel  (TX)"]
[Black "Trattner Andrew  (OR)"]
[Result "1/2-1/2"]
[WhiteElo "1954"]
[BlackElo "1771"]
[Annotator ""]
[Source ""]
[Remark ""]

1.f4 {%05(Comments by A. Trattner)^013^010
} Nf6 2.Nf3 g6 3.e3
Bg7 4.d4 O-O 5.Bd3 c5 6.c3 b6 7.O-O Ba6 8.Bxa6 Nxa6 9.Qd3 Qc8
10.Na3 d5 11.Ne5 c4 12.Qe2 Ne4 13.Qf3 Bxe5 14.fxe5 f6 15.exf6
Rxf6 16.Qe2 Rxf1+ 17.Qxf1 Qg4 {
 Game 7 was a very good game for me until move 17, when 17...Qe6! would have
left me up +2.4 (computer evaluation). I played Qg4 hastily since I was eager
to knock out my opponent (rated 1950), and I let my advantage slip away from there.}
18.Qf3 Qe6 19.Qh3 Qf6 {
 19...Qxh3 would have left me with a significant advantage also (+1.6). I
simply missed Nxc4 as my psychological game fell apart.} 20.Qf3
Nc7 21.Nxc4 Qxf3 22.gxf3 dxc4 {
 I offered a draw at move 22, but I should have kept playing since my opponent
was in time pressure and the endgame after 23. fxe4 e5! would have actually
been OK for black, as white's pawns and bishop are weak and present problems
for him to figure out. My opponent actually said that he likely would have lost
that position, with his time and slow moving habits.^013^010
} 1/2-1/2

[Event "U. S. Open"]
[Site "Middleton, WI"]
[Date "2013.08.03"]
[Round "8"]
[White "Trattner Andrew  (OR)"]
[Black "Madison Jeremy  (WI)"]
[Result "0-1"]
[WhiteElo "1771"]
[BlackElo "1976"]
[Annotator ""]
[Source ""]
[Remark ""]

1.e4 {%05(Comments by A. Trattner)^013^010
} e5 2.Nc3 Bc5 3.Nf3
Nc6 4.Nxe5 Bxf2+ {I have a much better opening after Bxf2+} 5.Kxf2
Nxe5 6.d4 Ng6 7.Bc4 d6 8.Rf1 Nf6 9.Bg5 Ng4+ 10.Qxg4 Bxg4 11.Bxd8
Rxd8 12.Kg3 {
?  I missed the simple winning tactic 12. Bxf7+! followed by Kg3+ and Kxg4
after which white is up a pawn with the better position.} Be6
13.Bxe6 fxe6 14.Nb5 c6 15.Nc7+ Ke7 16.d5 exd5 17.exd5 Ne5 18.Ne6
Rc8 19.Nf4 g5 20.Nd3 cxd5 21.Rf2 Rhf8 22.Re2 Rf5 23.Rd1 Ke6 24.Nb4
h5 {My opponent traded his better position for an attack on move 24, when Rc5 was
more accurate than h5. Nevertheless, this turned out to be an astute decision.}
25.Nxd5 h4+ 26.Kh3 g4+ 27.Kxh4 g3 28.Ne3 {h3 must be played, after which white survives.}
Rh8+ 29.Kxg3 Rg8+ 30.Kh4 Rf7 31.g4 Rf3 32.Rd4 Rh8+ 33.Kg5 Rg8+
34.Kh4 Ng6+ 35.Kh5 Nf4+ 36.Rxf4 Rh3# {
My opponent's mating attack in the endgame was brilliant and beautiful. I did
not sense the danger, and was walking around observing other games while he
used up almost all of his time thinking about the most dangerous continuations.
He deserved to win that game based on the tremendous effort he exerted.^013^010
}
 0-1

[Event "U. S. Open"]
[Site "Middleton, WI"]
[Date "2013.08.03"]
[Round "9"]
[White "Jacobson Aaron  (NJ)"]
[Black "Trattner Andrew  (OR)"]
[Result "0-1"]
[WhiteElo "1983"]
[BlackElo "1771"]
[Annotator ""]
[Source ""]
[Remark ""]

1.e4 {%05(Comments by A. Trattner.)^013^010
} d5 2.exd5 Qxd5
3.Nc3 Qd6 4.d4 Nf6 5.Bc4 a6 6.Nge2 Qc6 7.Qd3 Qxg2 8.Rg1 Qc6 9.Bf4
g6 10.Nb5 {!} {My opponent's move 10. Nb5! was a good move, although he did not pursue the middle game continuations correctly.}
Nd5 11.Bxd5 Qxb5 12.Qxb5+ axb5 13.Bxc7 Bh6 14.Bf4 Bxf4 15.Nxf4
Nc6 16.c3 O-O 17.Nd3 Bf5 18.Nc5 Rfd8 19.Bg2 Ra7 20.Nxb7 {
I actually missed 20. Nxb7, which is the strongest move for white at that
point, although black gets plenty of good activity with white's inaccuracies such as Bh1 and f4.}
Rxb7 21.Bxc6 Rb6 22.Bh1 b4 23.f4 bxc3 24.bxc3 Rb2 25.Rg2 Rdb8
26.Rxb2 Rxb2 27.h4 Rh2 28.Bb7 Bc8 {
I really wanted to win that game, and I ended up doing so, although my opponent
could have put up a lot more of a fight since he was a little better after 10.
Nb5. He was psychologically lost and not thinking clearly on moves 28 and 29,
since he was very surprised after my replies Bc8 and Be6, respectively.
Allowing Be6 is not good for white, and taking on e6 is far worse. The rest of
the game my opponent had time problems and was clearly losing. I end the game
with some pretty tactics, allowing my opponent to queen in order to win with style}
29.Bd5 Be6 30.Bxe6 Rh1+ 31.Kf2 Rxa1 32.Bb3 e6 33.c4 Rh1 34.Kg3
h5 35.Ba4 Rg1+ 36.Kf3 Kf8 37.c5 Ke7 38.Bb5 Rd1 39.Ke4 f5+ 40.Ke3
Rh1 41.d5 exd5 42.Kd4 Rd1+ 43.Ke5 d4 44.c6 d3 45.c7 d2 46.c8Q
Re1+ 47.Kd5 d1Q+ 48.Kc5 Qd6+ 49.Kc4 Rc1+ 0-1